000 00288nam a22001337a 4500
008 170809b xxu||||| |||| 00| 0 eng d
020 _a9780136122326
041 _aeng
080 _a004
100 _a35
101 _aSHKI
245 _aMICROSOFT OFFICE 2010
_cGRAUER
942 _2udc
_cBK
999 _c22989
_d22989